00399 2200157 4500001002100000008004100021035002000062245005200082100002300134250000600157260003000163084001400193082000800207650001400215990001200229INLIS000000000001180 ind  a0010-0524000415 aMetode Peneltian PendidikancProf. Dr. Sugiyono aProf. Dr. Sugiyono a1 aBandung :bALFABETAc2010 a370 SUG m a370 aNon Fiksi a0713591